000 00360nam a22001577a 4500
003 MPLRDC
005 20220104142528.0
008 210129b ||||| |||| 00| 0 eng d
082 _a857.7 YTC-3
100 _a杨天成著
245 _a紫丁香
_c
260 _a
_b环球图书杂志出版社
_c
300 _b
650 _a
942 _cBK
_o857.7 YTC-3
999 _c31618
_d31608